The st. martin's guide to writing 3rd edition / (Record no. 344520)
[ view plain ]
| 000 -LEADER | |
|---|---|
| fixed length control field | 01555 a2200205 4500 |
| 020 ## - INTERNATIONAL STANDARD BOOK NUMBER | |
| International Standard Book Number | 0312034954 |
| 020 ## - INTERNATIONAL STANDARD BOOK NUMBER | |
| International Standard Book Number | 9780312034955 |
| 090 ## - LOCALLY ASSIGNED LC-TYPE CALL NUMBER (OCLC); LOCAL CALL NUMBER (RLIN) | |
| -- | 2017 |
| -- | 2017 |
| 100 1# - MAIN ENTRY--PERSONAL NAME | |
| Personal name | Axelrod, Rise B. |
| 245 14 - TITLE STATEMENT | |
| Title | The st. martin's guide to writing 3rd edition / |
| Statement of responsibility, etc. | Rise B. Axelrod. |
| 250 ## - EDITION STATEMENT | |
| Edition statement | 3rd ed. |
| 260 ## - PUBLICATION, DISTRIBUTION, ETC. | |
| Place of publication, distribution, etc. | [S.l.] : |
| Name of publisher, distributor, etc. | St. Martin's Press, |
| Date of publication, distribution, etc. | 1991. |
| 300 ## - PHYSICAL DESCRIPTION | |
| Extent | 710 p. ; |
| Dimensions | 24 cm. |
| 500 ## - GENERAL NOTE | |
| General note | Hardcover. |
| 520 ## - SUMMARY, ETC. | |
| Summary, etc. | The best-selling college rhetoric for over 20 years, The St. Martin's Guide has an unparalleled record of proven success. From the beginning, Axelrod and Cooper have taken the best of classic and contemporary theory, filtered it through their own and their colleagues' classroom experience, and then blended the result into a flexible classroom tool. Their step-by-step guides to writing specific kinds of essays were a groundbreaking concept and changed the way writing is taught in American colleges. The course continues to change, and Axelrod and Cooper continue to innovate: source-based writing, analysis of argument, online teaching, and visual rhetoric are some of the focuses of this latest revision. By seamlessly incorporating practical, class-tested solutions to these new challenges, Axelrod and Cooper have once again provided the best foundation for college writing. |
| 700 1# - ADDED ENTRY--PERSONAL NAME | |
| Personal name | Cooper, Charles R. |
| 856 40 - ELECTRONIC LOCATION AND ACCESS | |
| Materials specified | Amazon.com |
| Uniform Resource Identifier | <a href="http://www.amazon.com/exec/obidos/ASIN/0312034954/chopaconline-20">http://www.amazon.com/exec/obidos/ASIN/0312034954/chopaconline-20</a> |
| 856 40 - ELECTRONIC LOCATION AND ACCESS | |
| Materials specified | Amazon customer reviews |
| Uniform Resource Identifier | <a href="http://www.chopac.org/cgi-bin/tools/azrev.pl?q=0312034954">http://www.chopac.org/cgi-bin/tools/azrev.pl?q=0312034954</a> |
| 942 ## - ADDED ENTRY ELEMENTS (KOHA) | |
| Institution code [OBSOLETE] | NBS |
| Koha item type | Book |
| Call number prefix | 652.03 AXE |
| Withdrawn status | Lost status | Damaged status | Not for loan | Permanent Location | Current Location | Date acquired | Total Checkouts | Full call number | Barcode | Date last seen | Date last checked out | Price effective from | Koha item type |
|---|---|---|---|---|---|---|---|---|---|---|---|---|---|
| Central Library (CL) | Central Library (CL) | 08/28/2013 | 1 | 652.03 AXE | NBS877 | 02/20/2017 | 08/19/2016 | 08/28/2013 | Book |
